000 00371nam a2200145Ia 4500
008 151213s9999 xx 000 0 und d
020 _a984-30000089-0
245 _aIncome Tax Ordinance 1984, & Income Tax Manual Part- 1
250 _a1st
260 _aDhaka
_b‡m›Uvi „ÕjÕ eyK nvDR
_c2007
300 _a5081 p.
650 _aLaw
650 _aLaw
999 _c3137
_d3137